Представление документа в формате RUSMARC

ПолеНазваниеЗначение
  Тип записи a
  Библиографический уровень m
001 Контрольный номер RU/CBS_UL/BASE/f2e42f44971847bcb3775bf087fc6f46
005 Дата корректировки 20231102142755.4
010 Индекс ISBN __
a ISBN 978-5-17-110669-0
b Уточнения в пер.
d Цена 50 р. 00 к.
9 Тираж 4 000 экз.
100 Данные общей обработки __
a Данные общей обработки 20230412d 0rusy0189## ca
101 Язык документа 0_
a Язык текста rus
102 Страна публикации __
a Страна публикации RU
200 Заглавие и сведения об ответственности 1_
a Заглавие Роды - просто
e Сведения, относящиеся к заглавию беременность, роды, первые месяцы жизни малыша - о самом важном в жизни женщины
f Первые сведения об ответственности Л. Мока
210 Выходные данные 1_
a Место издания Москва
c Издательство АСТ
c Издательство Прайм
d Дата издания 2020
215 Физическое описание __
a Объем 245, [4] с.
c Иллюстрации/тип воспроизводства ил.
d Формат 20,5 см.
225 Серия 2_
a Серия #Секреты умных родителей
300 Общие примечания __
a Общие примечания 18+
606 Тематические рубрики 0_
a Основная рубрика Беременность - Роды
610 Ключевые слова 0_
a Ключевые слова беременность; роды; акушерство; гинекология; здоровье женское; рождение ребенка
686 Индексы других классификаций __
2 Код системы rubbk
a Классификационный индекс 57.16
700 Автор _1
a Фамилия Мока
b Имя (инициалы) Л.
g Полное личное имя Лиза
801 Источник записи _0
a Страна RU
b Организация МБУК ЦБС г. Ульяновска
c Дата составления 20230412
g Правила каталогизации RCR
801 Источник записи _1
a Страна RU
b Организация МБУК ЦБС г. Ульяновска
c Дата составления 20230412
g Правила каталогизации RCR
852 Данные о местонахождении __
i Авторский знак М 74
j Шифр хранения 57.1
900 Электронные ресурсы __
a Имя электронного ресурса роды
901 Тип документа __
t Тип документа m